00611nam a2200229 a 4500001001300000003000900013005001700022008004100039020001000080082001600090100001800106245001500124260003300139300000900172500003500181650002100216700001800237902000800255942000700263952009600270999001500366nice12345678IN_TiNIC20260116011539.0050524s1927 caia grs 000 0 03g  ac10000a297.1bNAD2 aNadim Al, Ibn aAl-Fihrist aCairobMatba Rahmaniyac1927 a528p aincludes index and biblioraphy aIslam-Miscellany1 aNadim Al, Ibn bSRS cPS 00104070aHMIbHMId2007-07-27g100.00l0o297.1 NAD2p4665r2007-07-27w2026-01-16yARB c2522d2522